K momentom homeostázy v tvorivom odkaze Eugena Suchoňa

Bibliographic Details
Main Author: Chalupka, Ľubomír, 1945-2020 (Author)
Format: Article
Language:Slovak
PhysicalDescription:Fotogr.
ISSN:1335-4140
Subjects:

MARC

LEADER 00000nab a2200000 a 4500
001 vtls009511111
003 SK-MaSNL
005 20260304222530.0
008 140301c2009 xo zr|p|||||||000 b|slo
015 |a SNBRB2009/05  |2 snkbucl 
038 |a SNKBUCL 
040 |a SNKBUCL  |b slo  |c SNKBUCL  |e AACR2 
041 0 |a slo 
044 |a xo  |c SK 
080 |a 78.071.1  |2 2001 
100 1 |a Chalupka, Ľubomír,  |d 1945-2020  |4 aut  |9 196600 
245 1 0 |a K momentom homeostázy v tvorivom odkaze Eugena Suchoňa  |c Ľubomír Chalupka 
300 |b Fotogr. 
600 1 7 |a Suchoň, Eugen,  |d 1908-1993  |2 snkbucl  |9 107916 
773 0 |t Hudobný život  |g Roč. XLI, č. 1-2 (2009)  |x 1335-4140 
773 0 8 |t Eugen Suchoň storočnica  |g S. 2-4 
852 |a SNK  |b KIS3GCP 
958 |a SK 
999 |c 3163754  |d 3165684